| 000 | 00000nam##2200000za#4500 |
| 001 | 9.607864 |
| 003 | CaOODSP |
| 005 | 20210624213335 |
| 007 | cr ||||||||||| |
| 008 | 150406|2002||||xxc|||||o f|0| 0 fre|d |
| 040 | |aCaOODSP|bfre |
| 043 | |an-cn--- |
| 086 | 1 |aNH18-22/102-111F-PDF |
| 110 | 2 |aSociété canadienne d'hypothèques et de logement. |
| 245 | 10|aArdencraig - Documentation d'un projet de reconstruction d'un triplex et d'insertion à Vancouver comportant des caractéristiques d'aménagement durable |h[ressource électronique] |
| 250 | |aRévision 2006 |
| 260 | |aOttawa - Ontario : |bSociété canadienne d'hypothèques et de logement |cc2002, 2006. |
| 300 | |a4p.|bill. en couleur |
| 490 | 1 |aLe point en recherche. Série technique |v02-111 |
| 500 | |aFichier reproduit à partir de l'original imprimé. |
| 590 | |a14-17-Supp|b2014-10-09 |
| 775 | 08|tArdencraig - Documentation of a Vancouver triplex and infill project with sustainability features |w(CaOODSP)9.580965 |
| 830 | #0|aLe point en recherche. Série technique ;|v02-111|w(CaOODSP)9.501067 |
| 856 | 40|ahttp://publications.gc.ca|qPDF|s300 Ko|uhttps://publications.gc.ca/collections/collection_2014/schl-cmhc/NH18-22-102-111-fra.pdf|y02-111 |